Paradigmy zmien edukácie v 21. storočí program konferencie a zborník abstraktov
| Korporatívny autor: | |
|---|---|
| Ďalší autori: | , |
| Médium: | Konferenčný príspevok Program E-kniha |
| Jazyk: | slovenčina čeština poľština |
| Fyzický popis: | 1 elektronický optický disk (CD-ROM) fareb. 12 cm |
| Vydavateľské údaje: |
Univerzita Konštantína Filozofa v Nitre, Pedagogická fakulta
2017
|
| ISBN: | 9788055812083 |
| Predmet: |
MARC
| LEADER | 00000nam a2200000 a 4500 | ||
|---|---|---|---|
| 001 | vtls011743343 | ||
| 003 | SK-MaSNL | ||
| 005 | 20260301222648.0 | ||
| 007 | co cg auuua | ||
| 008 | 180226s2017 xo | fsa 101 0 slo | ||
| 015 | |a SNBS2018 | ||
| 020 | |a 9788055812083 |q (elektronická kniha) | ||
| 040 | |a SNK |b slo |c SNK |e AACR2 | ||
| 041 | 0 | |a slo |a cze |a pol | |
| 044 | |a xo |c SK | ||
| 072 | 7 | |a 37 |x Výchova a vzdelávanie |2 konspekt | |
| 080 | |a 37.01/.09 |2 2011 | ||
| 080 | |a 37.01 |2 2011 | ||
| 080 | |a 37.013.83 |2 2011 | ||
| 080 | |a (062.534) |2 2011 | ||
| 080 | |a (048.3) |2 2011 | ||
| 080 | |a (0.034.44) |2 2011 | ||
| 111 | 2 | |a Univerzita Konštantína Filozofa v Nitre. |b Pedagogická fakulta. |b Katedra pedagogiky. |b Medzinárodná vedecká konferencia doktorandov a postdoktorandov |n (14. : |d 2017 : |c Nitra, Slovensko) |9 179440 | |
| 245 | 1 | 0 | |a Paradigmy zmien edukácie v 21. storočí |h elektronický zdroj |b program konferencie a zborník abstraktov |c zostavovatelia: Nina Kozárová, Robert Tomšik a kol. |
| 260 | |b Univerzita Konštantína Filozofa v Nitre, Pedagogická fakulta |c 2017 | ||
| 300 | |a 1 elektronický optický disk (CD-ROM) |b fareb. |c 12 cm | ||
| 500 | |a Názov z titulnej obrazovky | ||
| 504 | |a Menný reg. | ||
| 516 | |a Textový dokument (zborník abstraktov), súbor vo formáte pdf | ||
| 538 | |a Technické požiadavky: PDF prehliadač | ||
| 546 | |a Text čiast. čes., poľ. | ||
| 650 | 0 | 7 | |a výchova a vzdelávanie |2 SNKPH |9 1684 |
| 650 | 0 | 7 | |a pedagogika |2 SNKPH |9 955 |
| 650 | 0 | 7 | |a andragogika |2 SNKPH |9 67508 |
| 650 | 0 | 7 | |a Education |2 SNKPHeng |9 265320 |
| 650 | 0 | 7 | |a Pedagogics |2 SNKPHeng |9 265289 |
| 650 | 0 | 7 | |a Andragogy |2 SNKPHeng |9 275485 |
| 655 | 7 | |a elektronické zdroje |2 SNKPH |9 90954 | |
| 655 | 7 | |a CD-ROM |2 SNKPH |9 70236 | |
| 655 | 7 | |a zborníky konferencií |2 SNKPH |9 70153 | |
| 655 | 7 | |a abstrakty |2 SNKPH |9 22516 | |
| 655 | 7 | |a Proceedings of conferences |2 SNKPHeng |9 265791 | |
| 655 | 7 | |a Abstracts |2 SNKPHeng |9 275616 | |
| 655 | 7 | |a Electronic resources |2 SNKPHeng |9 175546 | |
| 700 | 1 | |a Tomšik, Robert, |d 1991- |4 com |9 197295 | |
| 700 | 1 | |a Bodoríková, Nina, |d 1991- |4 com |9 252258 | |
| 919 | |a 978-80-558-1208-3 | ||
| 999 | |c 940636 |d 942566 | ||
| 952 | |a SNK |b SNK |y PREZ |7 0 |p 17A1320925 |o snkSCDM 9749 |i snk2018/4786 |8 0 |0 0 |1 0 |4 0 |d 2018-02-26 |l 0 |r 2026-02-24 09:17:12 |w 2026-02-24 | ||
| 952 | |t snkPAR 37 |a SNKMST |b SNKMST |y PREZ |7 0 |p 17A1320919 |o snkSCDM 9749 D1 |i snk2018/4787 |8 0 |0 0 |1 0 |4 0 |d 2018-02-26 |l 0 |r 2025-08-11 00:00:00 |w 2026-02-24 | ||


